Independencia. Compatibilización entre los servicios de auditoria y otros servicios profesionales (Registro nro. 16813)
[ vista simple ]
| 000 -LEADER | |
|---|---|
| fixed length control field | 00386 a2200109 4500 |
| 001 - CONTROL NUMBER | |
| control field | ART_6803 |
| 005 - DATE AND TIME OF LATEST TRANSACTION | |
| control field | 20260410161719.0 |
| 008 - FIXED-LENGTH DATA ELEMENTS--GENERAL INFORMATION | |
| fixed length control field | 260409a |
| 100 1# - MAIN ENTRY--PERSONAL NAME | |
| Personal name | Wainstein, Mario |
| 245 10 - TITLE STATEMENT | |
| Title | Independencia. Compatibilización entre los servicios de auditoria y otros servicios profesionales |
| 773 0# - HOST ITEM ENTRY | |
| Title | Contabilidad y auditoría |
| Related parts | - Año 4, Nº 7 (jun. 1998) |
| Record control number | REV1723 |
No hay ítems disponibles.